| 000 | 00674nam a2200253Ia 4500 | ||
|---|---|---|---|
| 003 | OSt | ||
| 005 | 20221005033331.0 | ||
| 006 | a|||||r|||| 00| 0 | ||
| 007 | ta | ||
| 008 | 221004b |||||||| |||| 00| 0 eng d | ||
| 020 | _a8176463477 | ||
| 024 | _a75049 | ||
| 037 | _cTextual | ||
| 040 |
_aCRL _cCRL _beng |
||
| 041 |
_2eng _aeng |
||
| 082 | _aV2:5(P), P3 | ||
| 100 |
_aRao B. V. R Ed. _9586026 |
||
| 245 | 0 | _aConstitution and language politics of India | |
| 260 |
_aDelhi _bB.R.Publishing Corporation India _c2003 |
||
| 300 |
_a270p _ccm. |
||
| 650 | _aHISTORY | ||
| 942 |
_hV2:5(P), P3 _cTEXL _2cc |
||
| 999 |
_c941379 _d941379 |
||